Slap Battles - Statistics

General Stats
  • This quiz has been taken 33 times
    26 since last reset
  • The average score is 122 of 301
Answer Stats
Answer % Correct
Bus
91%
Killstreak
91%
R/C
91%
🗿
82%
Alchemist
82%
Avatar
82%
Bomb
82%
Fish
82%
Overkill
82%
Rob
82%
Run
82%
Brick
73%
Cloud
73%
Default
73%
Diamond
73%
Firework
73%
Ghost
73%
Glitch
73%
God's Hand
73%
Jerry
73%
Reaper
73%
[Redacted]
73%
Shard
73%
Snow
73%
Space
73%
Spy
73%
Ultra Instinct
73%
Admin
64%
Bob
64%
Dual
64%
Error
64%
Frostbite
64%
Glovel
64%
Hunter
64%
Killerfish
64%
Leash
64%
Lure
64%
Megarock
64%
Obby
64%
Plank
64%
Reverse
64%
Silly
64%
Spectator
64%
The Flex
64%
Boogie
55%
Bull
55%
Charge
55%
Custom
55%
Eggler
55%
Elude
55%
Extended
55%
Fort
55%
Golem
55%
Goofy
55%
Hexa
55%
Ice
55%
Iceskate
55%
Jet
55%
Jupiter
55%
L.O.L.B.O.M.B
55%
Nightmare
55%
Oven
55%
Phantom
55%
Pocket
55%
Potato
55%
Rattlebones
55%
Relude
55%
Santa
55%
Siphon
55%
Soul
55%
Spin
55%
Spoonful
55%
Sun
55%
The Schlob
55%
Tinkerer
55%
Trap
55%
UFO
55%
Virus
55%
Warp
55%
Za Hando
55%
ZZZZZZZ
55%
64
45%
Acrobat
45%
Angler
45%
Barzil
45%
Bind
45%
Black Hole
45%
Blasphemy
45%
Booster
45%
Bubble
45%
Chain
45%
Counter
45%
Cult
45%
Detonator
45%
Divebomb
45%
Druid
45%
Engineer
45%
Flash
45%
Golden
45%
Grapple
45%
Hallow Jack
45%
Hitman
45%
Hive
45%
Mitten
45%
Moon
45%
Mushroom
45%
Null
45%
Orbit
45%
Pan
45%
Phase
45%
Ping Pong
45%
Prop
45%
Psycho
45%
Pusher
45%
Replica
45%
Scythe
45%
Slapple
45%
Slapstick
45%
Slasher
45%
Snowball
45%
Sparky
45%
Speedrun
45%
Stalker
45%
Swapper
45%
Swashbuckler
45%
Swordfighter
45%
Table
45%
Titan
45%
Track
45%
Tycoon
45%
Baby
36%
Barrel
36%
Beachball
36%
Beatdown
36%
Berserk
36%
Blink
36%
Bonk
36%
Boxer
36%
Clock
36%
Clover
36%
Coil
36%
Conveyor
36%
Disarm
36%
Dominance
36%
Duelist
36%
El Gato
36%
Extendeded
36%
Fan
36%
Ferryman
36%
Flamarang
36%
Glacier
36%
Gravity
36%
Guardian Angel
36%
Gum
36%
Gummy
36%
Hammer
36%
Jebaited
36%
Jester
36%
Kinetic
36%
Kraken
36%
Lamp
36%
Lawnmower
36%
Link
36%
Magnet
36%
Metaverse
36%
MR
36%
Necromancer
36%
Parry
36%
Pillow
36%
Plague
36%
Pull
36%
Quake
36%
Rage
36%
Recall
36%
Retro
36%
Rojo
36%
Sbeve
36%
Scuba
36%
Seal
36%
Shotgun
36%
Slicer
36%
Snowroller
36%
Squid
36%
Stun
36%
Tableflip
36%
Tank
36%
Thanos
36%
Thor
36%
Train
36%
Untitled Tag Glove
36%
Vampire
36%
Voodoo
36%
Witch
36%
Woah
36%
Wormhole
36%
Adios
27%
Aerialist
27%
Aggro
27%
Anchor
27%
Baller
27%
Blocked
27%
Bobble
27%
Boogie Woogie
27%
Boomerang
27%
Brick Mastery
27%
Cannoneer
27%
Chainsaw
27%
Cheeky (Removed)
27%
Cherry
27%
Chicken
27%
Clone()
27%
Cloud Mastery
27%
Confusion
27%
Demolition
27%
Dice
27%
Divert
27%
Doomsday
27%
Draw 4
27%
Equalizer
27%
Faculty
27%
Flick
27%
Frost God
27%
Grab
27%
Home Run
27%
Hybrid
27%
Imaginary Glove
27%
Infinity
27%
Joust
27%
Juggernaut
27%
Kaboom
27%
Killstreak Mastery
27%
King Sbeve
27%
Knockoff
27%
Mace
27%
Mail
27%
Man Spider
27%
Materialize
27%
Medusa
27%
Meteor
27%
Mouse
27%
Nimbus
27%
Pow
27%
Revenge
27%
Rob Mastery
27%
Rocky
27%
Roguelike
27%
Shackle
27%
Shield
27%
Shukuchi
27%
Slayer
27%
Slender
27%
So Retro
27%
Space Mastery
27%
Spring
27%
Stop
27%
Super Parry
27%
Terry
27%
Thunder Caller
27%
Vigorous
27%
Void
27%
Water
27%
Whirlwind
27%
Wrench
27%
Aquarius
18%
Balloony
18%
Bomb Mastery
18%
Booster Mastery
18%
Buddies
18%
Bus Mastery
18%
Dream (Removed)
18%
Engineer Mastery
18%
Excavator
18%
Flashlight
18%
Flash Mastery
18%
Fort Mastery
18%
Glovel Mastery
18%
Hive Mastery
18%
Ink
18%
Lantern
18%
Missile Launcher
18%
Obby Mastery
18%
Pack-A-Punch
18%
Phase Mastery
18%
RNG
18%
Run Mastery
18%
Shard Mastery
18%
Spin Mastery
18%
Sus
18%
T H I C K
18%
Ultra Instinct Mastery
18%
Defence
9%
Edgelord
9%
Golden Slapple
9%
🗿 Mastery
9%
Minecraft
9%
[Redacted] Mastery
9%
Tycoon Mastery
9%
Wormhole Mastery
9%
Zombie
9%
Poltergiest
0%
Rythym
0%
No matching quizzes found
Score Distribution
Percent of People with Each Score
Percentile by Number Answered
Your Score History
You have not taken this quiz since the last reset